01009nam a2200265 i 4500003000900000005001700009006001900026007000300045008004100048040003100089082001400120245007800134264006100212300005300273336002600326337003300352338002800385500006900413500003500482590002700517700003800544942001400582952013000596999001700726DO-SdBNP20240405141827.0a||||gr|||| 00| 0 ta240405e1987 dr ac||| |||| 00| e spa d aDO-SdBNPbspacBNPHUIerda 4222bM268f10aFamilias ocoeñas/cSonia Margarita Mancebo Tejeda, Alexis Ortíz Read. 2aBaní, República Dominicana :bPopulares Cosas,c1987 a94 página :bIlustraciones, retratos ;c21 cm. 2rdacomentatextobtxt 2rdamediaasin mediaciónbn 2rdacarrieravolumenbnc aIncluye datos biográficos de los aurtores en la contrcubierta. aLa biblioteca posee el tomo I. aInventariado 2024 / MF1 aRead Ortiz, Alexis979261easutor 2ddccLBS1 00102ddc51708PDaBNPHUbBNPHUcCTd2015-04-05eDonado por Laura Pujolsl0oM268fp2024-1879r2024-04-05w2024-04-05yLBS1 c56274d56274